000
00316nam a2200121Ia 4500
005
20260326235440.0
008
260326s9999||||xx |||||||||||||| ||und||
100
_a
Forbes, Mia
245
0
_a
New York :
_b
Edición Española /
_c
Mia Forbes
260
_b
Irving Weisdorf
650
_a
ARQUITECTURA REGIONAL
942
_c
BK
999
_c
7383
_d
7383